| 000 | 00413nam a2200121Ia 4500 | ||
|---|---|---|---|
| 008 | 220621s9999||||xx |||||||||||||| ||und|| | ||
| 245 | 0 | _aAdvanced Understanding of Neurodegenerative Diseases | |
| 546 | _aEnglish[eng] | ||
| 650 | _aNeurology & clinical neurophysiology | ||
| 700 | _aChuen-Chung Chang, Raymond | ||
| 856 | _uhttps://mts.intechopen.com/storage/books/2041/authors_book/authors_book.pdf | ||
| 942 | _cEB | ||
| 999 |
_c37254 _d37254 |
||